01388nam a22003017a 4500003000400000005001700004008004100021040001100062082001400073100003400087245001400121260012900135300002300264490002700287505014100314505016300455505002900618505003400647505002700681505002200708650004500730650004400775650005500819650004400874942002500918999001500943952012800958OSt20230516110527.0230516b |||||||| |||| 00| 0 eng d cLado V 2708aK82f 9826aKontova, Helenaeeditora aFlashArt/ aAustraliaaAustriaaBelgicaaCanadaaFranciaaAlemaniaaGran BretañaaHolandaaItaliaaEspañaaIrlandabGEA POLITIc2004 a128p.c20.5x27.5cm a237vXXXVIIx0394-1493 aFlash Art NewstGazing at the New Europe Group Shows Theory Cityscape Helsinki New York, New York London Eye Aperto Poland Replay aFeaturestSophie von Hellermann The Wedding John Baldessari My Files of Movie Stills Political Minimalism Maurizio Cattelan Was will Europa Angeo Figus aGlobal ArtrPavel Braila aOuverturesrHarrell Fletcher  aSpotlightstLocalismos aFlash Art Reviews 2Tesauro de Arte & ArquitecturaaCATALOGO 2Tesauro de Arte & ArquitecturaaREVISTA 2Tesauro de Arte & ArquitecturaaARTE INTERNACIONAL 2Tesauro de Arte & ArquitecturaaCRITICA 2ddcc1h708iK82fn0 c3568d3568 00102ddc3XXXVII40708RevistasaLVbLVd2023-05-16h237i002999l0o708 K82fp002999r2023-05-16 00:00:00w2023-05-16y1